Glas von der Antike bis zum Jugendstil : Sammlung Hans Cohn, Los Angeles/Cal. = Glass 500 b.C. to A.D. 1900 : The Hans Cohn Collection, Los Angeles/Cal.

Gespeichert in:
Bibliographische Detailangaben
VerfasserIn: Saldern, Axel von (VerfasserIn)
Körperschaft: University of California Los Angeles (VeranstalterIn)
Dokumenttyp: Buch
Sprache:German
English
Veröffentlicht: Mainz am Rhein : Verlag Philipp von Zabern , [1980]
Schlagwörter:
Online Zugang:Inhaltsverzeichnis
Bibliogr. Hinweis:Rezensiert in: [Rezension von: Axel von Saldern, Glas von der Antike bis zum Jugendstil]
Verantwortlich:Axel von Saldern
LEADER 05351cam a2200973 c 4500
001 191974560
003 DE-627
005 20260513113252.0
007 tu
008 960205s1980 gw ||||| c 00| ||ger c
015 |a 81,A42,0680  |2 dnb 
016 7 |a 810880741  |2 DE-101 
020 |a 3805304544  |9 3-8053-0454-4 
035 |a (DE-627)191974560 
035 |a (DE-603)033419388 
035 |a (DE-576)032171846 
035 |a (DE-599)GBV191974560 
035 |a (OCoLC)1573584784 
035 |a (OCoLC)311702381 
035 |a (OCoLC)180648901 
040 |a DE-627  |b ger  |c DE-627  |e rda 
041 |a ger  |a eng 
044 |c XA-DE 
050 0 |a NK5101.L67 
082 0 |a 748.2/074 
084 |a 12a  |2 sdnb 
084 |a 9,10  |2 ssgn 
084 |a LF 8134  |2 rvk  |0 (DE-625)rvk/91995:13598 
084 |a LH 78730  |2 rvk  |0 (DE-625)rvk/95079:2 
084 |a LH 29912  |2 rvk  |0 (DE-625)rvk/92920: 
084 |a LF 8640  |2 rvk  |0 (DE-625)rvk/92030: 
100 1 |a Saldern, Axel von  |d 1923-2012  |e VerfasserIn  |0 (DE-588)126571635  |0 (DE-627)382114280  |0 (DE-576)162844549  |4 aut 
245 1 0 |a Glas von der Antike bis zum Jugendstil  |b Sammlung Hans Cohn, Los Angeles/Cal. = Glass 500 b.C. to A.D. 1900 : The Hans Cohn Collection, Los Angeles/Cal.  |c Axel von Saldern 
246 3 1 |a Glass 500 b.C. to A.D. 1900  |b The Hans Cohn Collection, Los Angeles/Cal. 
246 3 3 |a Glass five hundred b c to a d 
264 1 |a Mainz am Rhein  |b Verlag Philipp von Zabern  |c [1980] 
264 4 |c © 1980 
300 |a 288 Seiten  |c 23,5 cm  |e Deutsche Fassung des Katalogteils (31 Seiten) 
336 |a Text  |b txt  |2 rdacontent 
336 |a unbewegtes Bild  |b sti  |2 rdacontent 
337 |a ohne Hilfsmittel zu benutzen  |b n  |2 rdamedia 
338 |a Band  |b nc  |2 rdacarrier 
500 |a Literaturverzeichnis: Seiten 284-288 
583 1 |a Archivierung/Langzeitarchivierung gewährleistet  |f SLG  |x XA-DE-BW  |z Glas  |2 pdager  |5 DE-24 
583 1 |a Archivierung/Langzeitarchivierung gewährleistet  |f SSG  |x XA-DE-BW  |2 pdager  |5 DE-16 
583 1 |a Archivierung/Langzeitarchivierung gewährleistet  |f PERP  |2 pdager  |5 DE-36 
583 1 |a Archivierung/Langzeitarchivierung gewährleistet  |f PERP  |2 pdager  |5 DE-77 
600 1 7 |0 (DE-588)120880814  |0 (DE-627)705059952  |0 (DE-576)213423405  |a Cohn, Hans  |d 1903-  |2 gnd 
648 7 |a Geschichte 500-1900  |2 gnd 
650 0 7 |0 (DE-588)4021142-3  |0 (DE-627)104213388  |0 (DE-576)208936548  |a Glas  |2 gnd 
650 0 7 |0 (DE-588)4128844-0  |0 (DE-627)105714259  |0 (DE-576)209605545  |a Sammlung  |2 gnd 
650 4 |a Private Kunstsammlung / Einz. Sammlungen Cohn, Hans <Kunstsamml.> 
650 4 |a Kunstausstellung / Wanderausstellung Glas / Ausstellung 
650 4 |a Kunstausstellung / Wanderausstellung Cohn, Hans <Kunstsamml.> / Ausstellung 
653 0 |a Glassware  |a Exhibitions 
653 0 |a Cohn, Hans  |a 1903-  |a Art collections  |a Exhibitions 
655 7 |a Ausstellungskatalog  |y 1981  |z Los Angeles, Cal.  |0 (DE-588)4135467-9  |0 (DE-627)10566491X  |0 (DE-576)209660988  |2 gnd-content 
655 7 |a Ausstellungskatalog  |y 1981  |z Hamburg  |0 (DE-588)4135467-9  |0 (DE-627)10566491X  |0 (DE-576)209660988  |2 gnd-content 
655 7 |a Ausstellungskatalog  |y 1981  |z Jerusalem  |0 (DE-588)4135467-9  |0 (DE-627)10566491X  |0 (DE-576)209660988  |2 gnd-content 
655 7 |a Bildband  |0 (DE-588)4145395-5  |0 (DE-627)104450835  |0 (DE-576)209741139  |2 gnd-content 
689 0 0 |d p  |0 (DE-588)120880814  |0 (DE-627)705059952  |0 (DE-576)213423405  |a Cohn, Hans  |d 1903-  |2 gnd 
689 0 1 |d s  |0 (DE-588)4021142-3  |0 (DE-627)104213388  |0 (DE-576)208936548  |a Glas  |2 gnd 
689 0 2 |d s  |0 (DE-588)4128844-0  |0 (DE-627)105714259  |0 (DE-576)209605545  |a Sammlung  |2 gnd 
689 0 |5 (DE-627) 
689 1 0 |d s  |0 (DE-588)4021142-3  |0 (DE-627)104213388  |0 (DE-576)208936548  |a Glas  |2 gnd 
689 1 1 |a z  |2 gnd  |a Geschichte 500-1900 
689 1 |5 (DE-627) 
710 2 |a University of California Los Angeles  |e VeranstalterIn  |0 (DE-588)2045111-8  |0 (DE-627)102864764  |0 (DE-576)191942510  |4 orm 
787 0 8 |i Rezensiert in  |a Welker, Edith, 1928 - 2004  |t [Rezension von: Axel von Saldern, Glas von der Antike bis zum Jugendstil]  |d 1987  |w (DE-627)1909369926 
856 4 2 |u http://d-nb.info/810880741/04  |m B:DE-101  |q pdf/application  |v 20161126003402  |x Verlag  |3 Inhaltsverzeichnis  |7 1 
935 |i Blocktest 
936 r v |a LF 8134  |b cm - co  |k Klassische Archäologie  |k Museen - Sammlungen - Ausstellungen  |k Kataloge von Privatsammlungen  |k Kataloge von einzelnen Sammlungen  |k cm - co  |0 (DE-627)1271933160  |0 (DE-625)rvk/91995:13598  |0 (DE-576)201933160 
936 r v |a LH 78730  |b allgemein  |k Kunstgeschichte  |k Allgemeines. Allgemeine Kunstgeschichte  |k Kunstgeschichte einzelner Gattungen der Kunst  |k Kunstgewerbe  |k Ordnung nach Gattungen  |k Glas, Kristall und durchsichtige Kunststoffe  |k allgemein  |0 (DE-627)1270653008  |0 (DE-625)rvk/95079:2  |0 (DE-576)200653008 
936 r v |a LH 29912  |b Privatsammlungen  |k Kunstgeschichte  |k Allgemeines. Allgemeine Kunstgeschichte  |k Museumskunde. Museumskataloge  |k Privatsammlungen  |0 (DE-627)127069927X  |0 (DE-625)rvk/92920:  |0 (DE-576)20069927X 
936 r v |a LF 8640  |b L Sonstige  |k Klassische Archäologie  |k Museen - Sammlungen - Ausstellungen  |k Kataloge von Ausstellungen  |k Orte L  |k L Sonstige  |0 (DE-627)1271682044  |0 (DE-625)rvk/92030:  |0 (DE-576)201682044 
936 s n |a l300  |2 mzub 
951 |a BO 
990 |a Cohn, Hans 
990 |a Glas 
990 |a Sammlung 
990 |a Glas 
990 |a Geschichte 500-1900 
991 |a Rezensiertes Werk 
999 |a KXP-PPN191974560  |e 4796074465